| 000 | 00720cam a2200181 i 4500 | ||
|---|---|---|---|
| 005 | 20260118122637.0 | ||
| 008 | 250721s2020 jo gr 000 0 ara d | ||
| 082 | 1 | 4 |
_a327.2 _bم ص ل |
| 100 | 1 |
_aحمدان، خنساء مصلح _eمؤلف. |
|
| 245 | 1 | 0 |
_aبروتوكول التعامل مع البعثات الدبلوماسية : _bالاردن نموذجا / _cخنساء مصلح حمدان مصلح. |
| 250 | _aالطبعة الأولى. | ||
| 264 | 3 | 1 |
_aعمان : _bدار الخليج للنشر و التوزيع، _c2020. |
| 300 | _a194 صفحة. | ||
| 650 | 1 | 7 | _aالبروتوكولات. |
| 650 | 1 | 7 | _aالعلاقات الدبلوماسية. |
| 942 |
_2ddc _cBK |
||
| 999 |
_c143386 _d143386 |
||